000 00663nam a2200253Ia 4500
003 OSt
005 20221007110424.0
006 a|||||r|||| 00| 0
007 ta
008 221006b |||||||| |||| 00| 0 eng d
020 _a0699011452
024 _a21,106
037 _cTextual
040 _aLCO
_cLCO
_beng
041 _2eng
_aeng
082 _aY773:45:65, L7
100 _aSchmidt Janet
_9707455
245 0 _aDemystifying Parole
260 _aToronto
_bLexington Books Canada
_c1977
300 _a177
650 _aDEMYSTIFYING PAROLE
_9707456
942 _hY773:45:65, L7
_cTEXL
999 _c1190669
_d1190669